000 01124nam a2200253Ia 4500
003 Ost
005 20260416102354.0
008 260416s9999||||xx |||||||||||||| ||und||
040 _cfsecg
041 _aara
082 _a1.4222
100 _aحميدي، ميلي
_eمؤلف
245 0 _aسبر الآراء /
_c ميلي حميدي
260 _aالجزائر
_bجامعة الجزائر3: كلية العلوم الإقتصادية، العلوم التجارية وعلوم التسيير
_c2019
300 _a63 ورقة
_bايضاحات
_c30 سم
504 _aمراجع ص.63
520 _aالخطوات الرئيسية في اجراء عملية البحث الميداني، قائمة الاستقساء ''الاستبيان''، تحليل البيانات، تشغيل نظام SPSS
653 _aالاحتمالات
653 _aالإستبيانات
653 _aالعينات
653 _aالمفاضلة
710 _aجامعة الجزائر3: كلية العلوم الإقتصادية، العلوم التجارية وعلوم التسيير
_eناشر علمي
942 _cHANDOUT
999 _c41135
_d41135